Penimbau akal : buku bacaan bagi kanak-kanak darjah dua sekolah-sekolah umum.
| Published: |
Kuala Lumpur:
Dewan Bahasa dan Pustaka,
1958.
|
|---|---|
| Subjects: |
| LEADER | 00506cam a2200145 7i4500 | ||
|---|---|---|---|
| 001 | 0000049182 | ||
| 005 | 20240725090000.0 | ||
| 090 | 0 | 0 | |a PL5135 |b .P46 1958 |
| 245 | 0 | 0 | |a Penimbau akal : |b buku bacaan bagi kanak-kanak darjah dua sekolah-sekolah umum. |
| 260 | |a Kuala Lumpur: |b Dewan Bahasa dan Pustaka, |c 1958. | ||
| 300 | |a ii, 124 p.: |b ill.; |c 19 cm. | ||
| 500 | |a Gift: En. Hasrom Haron | ||
| 650 | 0 | 0 | |a Malay language -- |x Readers |
| 650 | 0 | 0 | |a Jawi alphabet |
| 999 | |a 0000069497 |b BOK |c HASROM HARUN |e 1st Floor, Bestari Jaya | ||